000 01062nam a2200265 i 4500
001 bg
245 0 0 _aSwobodny przepływ pracowników w kontekście wejścia Polski do Unii Europejskiej :
_bpraca zbiorowa /
_cpod red. nauk. Andrzeja Stępniaka.
260 _aWarszawa :
_bPełnomocnik Rządu do Spraw Negocjacji o Członkostwo RP [Rzeczypospolitej Polskiej] w Unii Europejskiej. Kancelaria Prezesa Rady Ministrów,
_c2001.
300 _a230 s. :
_bil., mapy ;
_c24 cm.
490 1 _aZrozumieć Negocjacje. Debata
504 _aBibliogr. przy pracach.
650 9 _aUnia Europejska a Polska
_xzatrudnienie
650 9 _aSiła robocza
_xpolityka
_zPolska
_yod 1989 r.
650 9 _aSiła robocza
_xpolityka
_xUnia Europejska
650 9 _aPolska a Unia Europejska
_xzatrudnienie
700 1 _aSTĘPNIAK, Andrzej.
_eRed.
830 0 _aZrozumieć Negocjacje.
_pDebata
020 _a8391580113
040 _cBPK
041 0 _apl
080 _a331.5(438:4-67)"1989/..."
920 _a83-915801-1-3
942 _cKS
008 s pl f |000 0 pol
999 _c41704
_d41704
856 _uhttp://koha.tu.koszalin.pl/cgi-bin/koha/opac-detail.pl?biblionumber=41704
_yKatalog online BPK